| 000 | 00371nam a2200157 4500 | ||
|---|---|---|---|
| 008 | 190529s1992||||xo d | ||
| 245 | 1 | 0 | _aBoh v otázkach dnešného cloveka |
| 260 |
_bLúc _c1992 _aBratislava |
||
| 044 |
_axo _cSK |
||
| 041 | 1 | _aslo | |
| 100 | 1 |
_aFrossard Alfréd _91159 |
|
| 250 | _a1. vydanie | ||
| 300 | _a223 s. | ||
| 020 | _c0 | ||
| 958 | _aA | ||
| 999 |
_c22463 _d22463 |
||